000 00657cam a22002292a 4500
001 16529
003 BD-RjUL
005 20211209000023.0
008 140213s1968 njua b 001 0 eng d
035 _a(BD-RjUL)16584
040 _aDLC
_cDLC
_dBD-RjUL
_beng
041 _aeng
082 0 0 _a797.21
_bCOS 1968
100 1 _aCounsilman, James E.
_951083
245 1 4 _aThe science of swimming /
_cJames E. Counsilman
260 _aEnglewood Cliffs :
_bPrentice-Hall,
_cc1968.
300 _axiii, 457 p. :
_bill. ;
_c24 cm
504 _aIncludes bibliographical footnotes and index.
650 0 _aSwimming.
_950559
942 _2ddc
_cBK
999 _c16529
_d16529